Normal view
MARC view
Entry Topical Term
001 - CONTROL NUMBER
- control field: 130187
003 - CONTROL NUMBER IDENTIFIER
- control field: OSt
005 - DATE AND TIME OF LATEST TRANSACTION
- control field: 20230818113315.0
008 - FIXED-LENGTH DATA ELEMENTS
- fixed length control field: 230818|| aca||aabn | a|a d
040 ## - CATALOGING SOURCE
- Original cataloging agency: OSt
- Transcribing agency: OSt
150 ## - HEADING--TOPICAL TERM
- Topical term or geographic name entry element: General Management
670 ## - SOURCE DATA FOUND
- Source citation: Work cat.: (OSt)209840: Sulphey, M M. 130186, Disaster management /, 2016.